El escritor y su imagen

Tallennettuna:
Bibliografiset tiedot
Päätekijä: Ayala, Francisco (Tekijä)
Aineistotyyppi: Kirja
Kieli:espanja
Julkaistu: Madrid Punto Omega 1975
Sarja:Colección Universitaria de Bolsillo. Sección Literatura Española Moderna, 195
Aiheet:
Tagit: Lisää tagi
Ei tageja, Lisää ensimmäinen tagi!

MARC

LEADER 00000nam a2200000 a 4500
001 UCT6755
003 CL-VaPUC
005 20221118101350.0
008 970113e19750000SP |||||||||||||||||spa|d
999 |c 255431  |d 255429 
040 |c Pontificia Universidad Católica de Valparaíso 
082 0 4 |a 860.9  |b AYA  |2 21 
100 |a Ayala, Francisco  |e author  |9 466127 
245 1 3 |a El escritor y su imagen 
260 |a Madrid  |b Punto Omega  |c 1975 
300 |a 111 p 
490 0 |a Colección Universitaria de Bolsillo. Sección Literatura Española Moderna, 195 
583 |a last modification  |c 19970113 00:00:00  |k Rodrigo Vera 
600 0 7 |a Ortega y Gasset, José,  |d 1883-1955  |9 551380 
600 0 7 |a VALLE INCLAN, RAMON DEL  |9 315482 
600 0 |a Machado Ruíz, Antonio,   |d 1875-1939  |9 389743 
600 0 |a Azorín,  |d 1873-1967  |q Martínez Ruiz, José   |9 353525 
650 0 |a Literatura española  |9 306261 
650 0 |a Crítica e interpretación   |9 255042 
650 0 |a Poesía española  |9 264938 
942 |c BK  |2 ddc 
945 |d 19970113 00:00:00  |a nastorga 
952 |0 0  |1 0  |4 0  |6 860_900000000000000_AYA_1975  |7 0  |8 A  |9 277662  |a BIBEDU  |b BIBEDU  |d 2019-11-19  |i 3269795  |o 860.9 AYA 1975  |p 3269795  |r 2019-11-19  |w 2019-11-19  |y BK  |k LIT